Govt. of
Madhya Pradesh

The Evolution of Provincial Finance in British India A study in provincial decentralization of Imperial Finance (Record no. 68917)

MARC details
000 -LEADER
fixed length control field 00361nam a22001097a 4500
082 ## - DEWEY DECIMAL CLASSIFICATION NUMBER
Classification number 336/AMB
100 ## - MAIN ENTRY--AUTHOR NAME
Personal name Ambedkar, Dr. B.R.
245 ## - TITLE STATEMENT
Title The Evolution of Provincial Finance in British India A study in provincial decentralization of Imperial Finance
260 ## - PUBLICATION, DISTRIBUTION, ETC. (IMPRINT)
Place of publication New Delhi
Name of publisher Gaurav book centre PVT LTD
Year of publication 2024
650 ## - SUBJECT ADDED ENTRY--TOPICAL TERM
Topical Term Public Finance
942 ## - ADDED ENTRY ELEMENTS (KOHA)
Koha item type Books
Holdings
Withdrawn status Lost status Damaged status Not for loan Home library Current library Date acquired Cost, normal purchase price Full call number Accession Number Price effective from Koha item type
        MACL MACL 02/04/2026 295.00 336/AMB CRE040405 02/04/2026 Books